[Event "FRA Top 16 Higher Pool U16"]
[Site "France"]
[Date "2022.06.05"]
[Round "2.4"]
[White "Poirot, Baptiste"]
[Black "Touiller, Thibault"]
[Result "0-1"]
[WhiteElo "1549"]
[BlackElo "1689"]
[PlyCount "66"]
[EventDate "2022.06.04"]
[EventType "tourn"]
[EventRounds "4"]
[EventCountry "FRA"]
[SourceTitle "EXT 2023"]
[Source "ChessBase"]
[SourceDate "2022.10.05"]
[SourceVersion "1"]
[SourceVersionDate "2022.10.05"]
[SourceQuality "1"]

1. Nf3 Nf6 2. g3 g6 3. Bg2 Bg7 4. d3 c5 5. c4 Nc6 6. Nc3 0-0 7. 0-0 d5 8. e4 d4 9. Ne2 e5 10. Nd2 Nh5 11. f4 f5 12. Nb3 Qe7 13. Bd2 Nf6 14. fxe5 Nxe5 15. Qc2 fxe4 16. Nbc1 exd3 17. Nxd3 Nxd3 18. Qxd3 Bf5 19. Rxf5 gxf5 20. Re1 Ne4 21. Nf4 Rae8 22. Nd5 Qd7 23. Bf4 Nf6 24. Rb1 Nxd5 25. Bxd5+ Kh8 26. b4 cxb4 27. Rxb4 b6 28. Rb1 Re7 29. Qf3 Rfe8 30. Kf1 Qa4 31. Rd1 Qxa2 32. c5 Qa6+ 33. Rd3 Re3 0-1

[Event "Montigny le Bretonneux Noel op 19th"]
[Site "Montigny le Bretonneux"]
[Date "2018.12.29"]
[Round "5"]
[White "Vadillo, Torre Ismael"]
[Black "Touiller, Thibault"]
[Result "1-0"]
[WhiteElo "1616"]
[BlackElo "1087"]
[PlyCount "89"]
[EventDate "2018.12.26"]
[EventType "swiss"]
[EventRounds "7"]
[EventCountry "FRA"]
[SourceTitle "CBM 188 Extra"]
[Source "ChessBase"]
[SourceDate "2019.02.26"]
[SourceVersion "1"]
[SourceVersionDate "2019.02.26"]
[SourceQuality "1"]

1. d4 Nf6 2. c4 e6 3. Nc3 Bb4 4. Bg5 h6 5. Bh4 g5 6. Bg3 Ne4 7. Qc2 Nxc3 8. bxc3 Be7 9. e4 0-0 10. Bd3 c5 11. Nf3 d6 12. 0-0 f5 13. exf5 exf5 14. d5 f4 15. Bh7+ Kh8 16. Qg6 Rf6 17. Qd3 fxg3 18. fxg3 Nd7 19. h4 g4 20. Nd2 Nf8 21. Be4 Bd7 22. Bf5 Bxf5 23. Rxf5 Rxf5 24. Qxf5 Qd7 25. Qf2 Qe8 26. Qf4 Qg6 27. Rf1 Bf6 28. Ne4 Be5 29. Qf2 Nh7 30. Nxc5 Bxc3 31. Rc1 dxc5 32. Rxc3 Qb1+ 33. Kh2 b6 34. Qe2 Qg6 35. Re3 Nf6 36. Re6 Re8 37. Rxf6 Rxe2 38. Rxg6 Rxa2 39. Rxh6+ Kg7 40. Rc6 Ra4 41. d6 Rxc4 42. d7 Rd4 43. Rc7 Kf8 44. h5 Rd6 45. Rc8+ 1-0

[Event "Montigny le Bretonneux Noel op 19th"]
[Site "Montigny le Bretonneux"]
[Date "2018.12.28"]
[Round "4"]
[White "Touiller, Thibault"]
[Black "Boucher, Francis"]
[Result "1-0"]
[WhiteElo "1087"]
[BlackElo "1148"]
[PlyCount "95"]
[EventDate "2018.12.26"]
[EventType "swiss"]
[EventRounds "7"]
[EventCountry "FRA"]
[SourceTitle "CBM 188 Extra"]
[Source "ChessBase"]
[SourceDate "2019.02.26"]
[SourceVersion "1"]
[SourceVersionDate "2019.02.26"]
[SourceQuality "1"]

1. d4 d5 2. c4 e6 3. Nc3 Bb4 4. e3 Nf6 5. Nge2 c6 6. a3 Ba5 7. b4 Bc7 8. Ng3 0-0 9. Bd3 e5 10. 0-0 Re8 11. Re1 e4 12. Be2 Nbd7 13. b5 Nf8 14. c5 Bd7 15. Rb1 b6 16. Na4 Qc8 17. bxc6 Bxc6 18. Qc2 Re6 19. cxb6 Bxa4 20. Qxc7 Qxc7 21. bxc7 Rc8 22. Rb7 Re7 23. Nf5 Rexc7 24. Ne7+ Kh8 25. Nxc8 Rxb7 26. Nd6 Rd7 27. Nb5 Ne8 28. Bd2 Nd6 29. Nxd6 Rxd6 30. Bb4 Rd8 31. Bc5 Ra8 32. Ba6 Nd7 33. Rc1 Nb6 34. Bxb6 axb6 35. Bb7 Rd8 36. Bxd5 f5 37. Be6 g6 38. Kf1 f4 39. Rb1 b5 40. Bb3 Rd5 41. Bxd5 fxe3 42. fxe3 Kg7 43. Bxe4 Kf6 44. Bc6 Kf5 45. Bxb5 Bxb5+ 46. Rxb5+ Ke4 47. Ke2 h5 48. Re5# 1-0

[Event "Montigny le Bretonneux Noel op 19th"]
[Site "Montigny le Bretonneux"]
[Date "2018.12.27"]
[Round "2"]
[White "Chaintreau, Cedric"]
[Black "Touiller, Thibault"]
[Result "0-1"]
[WhiteElo "1399"]
[BlackElo "1087"]
[PlyCount "111"]
[EventDate "2018.12.26"]
[EventType "swiss"]
[EventRounds "7"]
[EventCountry "FRA"]
[SourceTitle "CBM 188 Extra"]
[Source "ChessBase"]
[SourceDate "2019.02.26"]
[SourceVersion "1"]
[SourceVersionDate "2019.02.26"]
[SourceQuality "1"]

1. e4 e6 2. Nf3 d5 3. Bd3 c5 4. c3 Nc6 5. exd5 exd5 6. 0-0 Nf6 7. Re1+ Be7 8. b3 0-0 9. Bb5 Bd7 10. Bxc6 Bxc6 11. d4 b6 12. Ne5 Bb7 13. f3 Re8 14. a4 Bd6 15. Bg5 h6 16. Bh4 Be7 17. Nd2 Nd7 18. Bxe7 Qxe7 19. Nxd7 Qxd7 20. Nf1 Rxe1 21. Qxe1 Re8 22. Qd2 Qe6 23. Ng3 Qe3+ 24. Qxe3 Rxe3 25. Re1 cxd4 26. cxd4 Rxb3 27. Re7 Rb1+ 28. Kf2 Rb2+ 29. Kg1 Ba6 30. Rxa7 Rb1+ 31. Kf2 Bc4 32. Nf5 Ra1 33. Ne7+ Kh7 34. Nc8 Ra2+ 35. Kg3 Bf1 36. Nxb6 Rxg2+ 37. Kh3 Rb2+ 38. Kg3 Rxb6 39. a5 Ra6 40. Rxa6 Bxa6 41. Kf4 f6 42. Kf5 Bc8+ 43. Kf4 g5+ 44. Ke3 Kg6 45. Kf2 Kf5 46. Kg3 h5 47. h3 h4+ 48. Kg2 Kf4 49. Kh2 Kxf3 50. Kh1 Kg3 51. Kg1 Kxh3 52. a6 Bxa6 53. Kh1 g4 54. Kg1 g3 55. Kh1 g2+ 56. Kg1 0-1

[Event "Montigny le Bretonneux Noel op 19th"]
[Site "Montigny le Bretonneux"]
[Date "2018.12.27"]
[Round "1"]
[White "Privat, Jean Claude"]
[Black "Touiller, Thibault"]
[Result "1-0"]
[WhiteElo "1602"]
[BlackElo "1087"]
[PlyCount "97"]
[EventDate "2018.12.26"]
[EventType "swiss"]
[EventRounds "7"]
[EventCountry "FRA"]
[SourceTitle "CBM 188 Extra"]
[Source "ChessBase"]
[SourceDate "2019.02.26"]
[SourceVersion "1"]
[SourceVersionDate "2019.02.26"]
[SourceQuality "1"]

1. d4 Nf6 2. c4 e6 3. Nf3 Bb4+ 4. Bd2 Qe7 5. a3 Bxd2+ 6. Nbxd2 0-0 7. e3 d5 8. Bd3 Nbd7 9. 0-0 b6 10. Qc2 Bb7 11. cxd5 exd5 12. Qxc7 Rab8 13. Rac1 Rfc8 14. Qg3 Ne4 15. Qh3 Ndf6 16. Rfd1 Qe8 17. Nf1 Rxc1 18. Rxc1 Bc8 19. Qh4 Ng4 20. Bxe4 dxe4 21. Ne5 Nxe5 22. dxe5 Bb7 23. Qf4 Rc8 24. Rd1 Qe7 25. Ng3 Rc2 26. Nxe4 Rxb2 27. Nd6 Bc6 28. Qd4 Ba4 29. Rc1 Rc2 30. Rxc2 Bxc2 31. Qc3 Bg6 32. Qc8+ Qf8 33. Qxf8+ Kxf8 34. Nc8 a6 35. Nxb6 Ke7 36. Kf1 Ke6 37. f4 Kf5 38. Kf2 h5 39. Nd7 h4 40. Nc5 a5 41. Nb7 a4 42. Nc5 Kg4 43. Nxa4 h3 44. g3 Be4 45. Nc5 Bc6 46. a4 Bxa4 47. Nxa4 g5 48. Nc5 gxf4 49. exf4 1-0